Consideraciones sobre la teoría del delito /

Guardado en:
Autor Principal: Silva Sánchez, Jesús-María
Formato: Libro
Idioma:Spanish
Publicado: Buenos Aires : Ad-Hoc, 1998
Edición:1a. ed.
Materias:
Etiquetas: Agregar Etiqueta
Sin Etiquetas, Sea el primero en etiquetar este registro!
LEADER 00478nam a22001575a 4500
001 DER.der000287
008 180615s1998####ag#||||||||||||||#||spa||
005 20250717151329.0
245 1 0 |a Consideraciones sobre la teoría del delito /  |c Jesús-María Silva Sánchez 
250 |a 1a. ed. 
260 |a Buenos Aires :  |b Ad-Hoc,  |c 1998 
300 |a 281 p. 
020 |a 9508941332 
100 1 |a Silva Sánchez, Jesús-María 
650 7 |a DERECHO PENAL 
859 |a DERECHO  |b BIB. DERECHO  |h 345  |i SIL  |p 001079